| 000 | 00451nam a2200133 a 4500 | ||
|---|---|---|---|
| 001 | ASINB00S0HXCFK | ||
| 005 | 20151130125549.0 | ||
| 008 | 151130s1984 xxu eng d | ||
| 100 | 1 | _aSen, S.P. | |
| 245 | 1 | 0 |
_aInternal combustion engine theory and practice / _cS.P. Sen. |
| 260 |
_a[S.l.] : _bDelhi: Khanna publishers 2nd ed., _c1984. |
||
| 300 | _a615 p. | ||
| 856 | 4 | 0 |
_3Amazon.com _uhttp://www.amazon.com/exec/obidos/ASIN/B00S0HXCFK/chopaconline-20 |
| 999 |
_c14892 _d14892 |
||